| 000 | 00409nam a2200157Ia 4500 | ||
|---|---|---|---|
| 008 | 230312s9999||||xx |||||||||||||| ||und|| | ||
| 020 | _a0-07-222344-8 | ||
| 082 |
_a004.6 _bBLO-A |
||
| 100 | _aRyan B. Bloom | ||
| 245 | 0 | _aApache Server2.0 | |
| 260 |
_bMcGrwa Hill _aNew yark _c2002 |
||
| 300 | _a776 | ||
| 546 | _aEng. | ||
| 650 |
_acomputer _vTypes of modules, Standard modules, Apache modules |
||
| 942 | _cBK | ||
| 999 |
_c3481 _d3481 |
||